000 00291cam a22001097a 4500
008 180718b1954 xxu||||| |||| 00| 0 eng d
082 _aG93x42 L41/1
245 _aLaw in action: a series of broadcast talks
260 _aLondon
_bStevens
_c1954
300 _a90p
650 _aLaw --Great Britain
999 _c371661
_d371661